| 000 | 01487nam a22002657a 4500 | ||
|---|---|---|---|
| 999 |
_c56993 _d56993 |
||
| 003 | Ge_BSU | ||
| 005 | 20190924160110.0 | ||
| 008 | 190924s2018 ||||| |||| 00| 0 geo d | ||
| 020 | _a9789941804335 | ||
| 041 | _ageo | ||
| 080 | _a631(479.22) +347.779(479.22) გ-13 | ||
| 100 |
_aგაბუნია, დავით. _94282 |
||
| 245 |
_aგეოგრაფიული აღნიშვნები : ხარისხი და განვითარება / _cდავით გაბუნია, მერაბ კვიმსაძე, ეკა გაბუნია . |
||
| 264 |
_aთბილისი : _b(საქპატენტი) _c2018. |
||
| 300 |
_a248 გვ. : _c22 სმ. |
||
| 500 | _aთავფურცელზე ავტორები აღნიშნულნი არ არიან. | ||
| 504 | _aბიბლიოგრ.: გვ. 245. | ||
| 505 | _gგარეკანზე: იური მეჩითოვის ფოტო. | ||
| 653 | _aსაქართველოს სოფლის მეურნეობა | ||
| 653 | _aინტელექტუალური საკუთრების დაცვა საქართველოში | ||
| 653 | _aსასაქონლო ნიშნები საქართველოში | ||
| 700 |
_aკვიმსაძე , მერაბ. _94283 |
||
| 700 |
_aგაბუნია , ეკა. _94284 |
||
| 942 |
_2udc _cBK |
||